Statistiken für Einheiten des THW

Klicken Sie hier um das Quiz zu spielen!

Allgemein

  • Dieses Quiz wurde 10 mal gespielt
  • Das Durchschnittsergebnis liegt bei 14 aus 24

Antwortstatistiken

Einheit% Korrekt
Teileinheit des Technischen ZugsRäumen
100%
Teileinheit des Technischen ZugsWasserschaden/Pumpen
100%
Teileinheit des Technischen ZugsNotversorgung / Notinstandsetzung
88%
Teileinheit des Technischen ZugsOrtung
88%
Teileinheit des Technischen ZugsSprengen
88%
Technischer ZugZugtrupp
88%
Fachzug Führung/KommunikationZugtrupp
88%
Fachzug LogistikZugtrupp
88%
Teileinheit des Technischen ZugsBrückenbau
75%
Teileinheit des Technischen ZugsSchwere Bergung
75%
Teileinheit des Technischen ZugsWassergefahren
75%
Fachzug Führung/KommunikationFührung
63%
Teileinheit des Technischen ZugsInfrastruktur
63%
Fachzug Führung/KommunikationKommunikation
63%
Technischer ZugBergungsgruppe
50%
Fachzug LogistikLogistik-Verpflegung
50%
Teileinheit des Technischen ZugsTrinkwasserversorgung
50%
Teileinheit des Technischen ZugsElektroversorgung
38%
Teileinheit des Technischen ZugsÖlschaden
38%
SchnelleinsatzeinheitenBergung Ausland
25%
Fachzug LogistikLogistik-Materialwirtschaft
25%
SchnelleinsatzeinheitenWasserversorgung Ausland
13%
SchnelleinsatzeinheitenLogistikabwicklung Lufttransportfall
0%
Fachzug LogistikTransport Schwer
0%

Verteilung der Resultate

Perzentil nach korrekt beantworteten Fragen

Anzahl Personen mit jedem Resultat

Ihre Resultats-Entwicklung

Sie haben dieses Quiz noch nicht gespielt